Drug or Girl's Name #2 (E-M) - Statistics

General Stats
  • This quiz has been taken 7 times
  • The average score is 9 of 32
Answer Stats
Question Answer % Correct
Ellara Name
67%
Jehlani Name
67%
Gemmily Drug
50%
Gianvi Drug
50%
Myzilra Drug
50%
Jiselle Name
50%
Lluvia Name
50%
Jornay Drug
33%
Iqra Name
33%
Jaloni Name
33%
Jazlyn Name
33%
Jhream Name
33%
Jurnee Name
33%
Lavada Name
33%
Lyrik Name
33%
Miangel Name
33%
Hailey Both
17%
Larin Both
17%
Finlee Drug
17%
Jaimiess Drug
17%
Karivah Drug
17%
Leena Drug
17%
Lessina Drug
17%
Jovi Name
17%
Lasonja Name
17%
Maebri Name
17%
Levora Both
0%
Marlissa Both
0%
Eylea Drug
0%
Jolessa Drug
0%
Larissia Drug
0%
Jatziry Name
0%
No matching quizzes found
Score Distribution
Percent of People with Each Score
Percentile by Number Answered
Your Score History
You have not taken this quiz